Detalles MARC
| 000 -CABECERA |
| campo de control de longitud fija |
02500nam a2200349 i 4500 |
| 003 - IDENTIFICADOR DEL NÚMERO DE CONTROL |
| campo de control |
DO-SdBNP |
| 005 - FECHA Y HORA DE LA ÚLTIMA TRANSACCIÓN |
| campo de control |
20250603131609.0 |
| 007 - CAMPO FIJO DE DESCRIPCIÓN FÍSICA--INFORMACIÓN GENERAL |
| campo de control de longitud fija |
ta |
| 008 - DATOS DE LONGITUD FIJA--INFORMACIÓN GENERAL |
| campo de control de longitud fija |
250603s2025 dr a 000 0 spa d |
| 020 ## - NÚMERO INTERNACIONAL ESTÁNDAR DEL LIBRO |
| Número Internacional Estándar del Libro |
9789945291582 |
| 040 ## - FUENTE DE LA CATALOGACIÓN |
| Centro catalogador/agencia de origen |
DO-SdBNP |
| Lengua de catalogación |
spa |
| Centro/agencia transcriptor |
BNPHU |
| Normas de descripción |
rda |
| 082 #4 - NÚMERO DE LA CLASIFICACIÓN DECIMAL DEWEY |
| Número de clasificación |
xxxx |
| Número de documento/Ítem |
D542c |
| Número de edición |
22 |
| 100 1# - ENTRADA PRINCIPAL--NOMBRE DE PERSONA |
| Nombre de persona |
Díaz, Rafael, |
| Fechas asociadas al nombre |
1960- |
| 9 (RLIN) |
24865 |
| Término indicativo de función/relación |
autor |
| Código de función/relación |
aut. |
| 245 10 - MENCIÓN DE TÍTULO |
| Título |
Compendio terminológico bilingüe para hotelería y servicios comerciales : |
| Resto del título |
master book No. 2 / |
| Mención de responsabilidad, etc. |
Rafael Díaz |
| 246 10 - FORMA VARIANTE DE TÍTULO |
| Título propio/Titulo breve |
Hipervocabulario y expresiones bilingües : |
| Resto del título |
para facilitar la comunicación en todas las áreas laborales / |
| 250 ## - MENCIÓN DE EDICIÓN |
| Mención de edición |
Tercera edición |
| 264 #4 - PRODUCCIÓN, PUBLICACIÓN, DISTRIBUCIÓN, FABRICACIÓN Y COPYRIGHT |
| Producción, publicación, distribución, fabricación y copyright |
[Higüey, República Dominicana] : |
| Nombre del de productor, editor, distribuidor, fabricante |
[C.E.F.O.], |
| Fecha de producción, publicación, distribución, fabricación o copyright |
©[2025]. |
| 300 ## - DESCRIPCIÓN FÍSICA |
| Extensión |
623 páginas : |
| Otras características físicas |
ilustraciones ; |
| Dimensiones |
28 cm. |
| 336 ## - TIPO DE CONTENIDO |
| Término de tipo de contenido |
texto |
| Código de tipo de contenido |
txt |
| Fuente |
rdacontent |
| 337 ## - TIPO DE MEDIO |
| Nombre/término del tipo de medio |
sin mediación |
| Código del tipo de medio |
n |
| Fuente |
rdamedia |
| 338 ## - TIPO DE SOPORTE |
| Nombre/término del tipo de soporte |
volumen |
| Código del tipo de soporte |
nc |
| Fuente |
rdacarrier |
| 500 ## - NOTA GENERAL |
| Nota general |
Incluye datos biografícos del autor en la página 1. |
| 500 ## - NOTA GENERAL |
| Nota general |
Libro de pasta dura. |
| 500 ## - NOTA GENERAL |
| Nota general |
Los datos de isbn y reseña, fueron tomados de la página del ISBN de República Dominicana. |
| 500 ## - NOTA GENERAL |
| Nota general |
Los datos de la editora, fueron encontrados en la página de instagram (Centro De Formation CEFO<br/>Centro de Estudio- Formación y Orientación. C.E.F.O HIGUEY TEL:809-554-3457 @:[email protected]) |
| 505 ## - NOTA DE CONTENIDO CON FORMATO |
| Información miscelánea |
English-Español |
| 520 ## - SUMARIO, ETC. |
| Sumario, etc. |
Vivimos en una época donde el dominio lexical y expresivo del idioma inglés es uno de los retos más complejo que tienen la mayoría de los trabajadores de las diferentes áreas laborales, en especial las áreas turísticas, debido a que en sus funciones deben comunicarse en dicha lengua, empleando una serie de termonologias propias de la industria en que se desenvuelven, de los cuales tienen escaso o ningún conocimiento. Esta situación resulta preocupante porque el inglés poco a poco se ha ido convirtiendo en un idioma universal para establecer relaciones comerciales, académicas, culturales y diplomáticas en las distintas partes del mundo dode usa esta lengua como medio de comunicación comercial y personal<br/>En este sentido, el aprendizaje de la lengua inglesa es casi imprescindible para todas las carreras, ya que es uno de los principales medios que facilitan, no sólo la obtención de un empleo digno, sino también la permanencia en el mismo. |
| 590 ## - NOTA LOCAL (RLIN) |
| Nota local |
Inventariado, 2025/ YL |
| 710 ## - PUNTO DE ACCESO ADICIONAL--NOMBRE DE ENTIDAD CORPORATIVA |
| Nombre de entidad corporativa o nombre de jurisdicción como elemento de entrada |
Centro de Estudio Formación y Orientación (C.E.F.O) |
| 9 (RLIN) |
87967 |
| 910 ## - DATOS DE OPCIÓN DEL USUARIO (OCLC) |
| Datos de opción del usuario |
YLockward |
| 942 ## - ELEMENTOS DE PUNTO DE ACCESO ADICIONAL (KOHA) |
| Fuente del sistema de clasificación o colocación |
Dewey Decimal Classification |
| Tipo de ítem Koha |
Libro |